'A' Movies by Poster Quiz Stats

 Plays Quiz Updated May 26, 2015

Challenge
Share
Tweet
Score 0/20 Timer 05:00
24 Plays Today
% Correct
Avatar
98.1%
Aladdin
94.6%
Anchorman: The Legend of Ron Burgundy
93.3%
American Pie
91.5%
Airplane!
90.5%
Alice in Wonderland
88.2%
Alien
84.7%
American Beauty
81.9%
Anger Management
79.9%
Amélie
70.6%
% Correct
Armageddon
69.1%
Angels & Demons
66.5%
Argo
64.2%
Air Force One
60.9%
The Artist
43%
Apocalypse Now
36.1%
The Aviator
36%
An American Werewolf in London
34.5%
Apollo 13
29.6%
Airheads
29.1%

You're not logged in!

Compare scores with friends on all Sporcle quizzes.
OR
Log In

You Might Also Like...

Show Comments

Extras

Top Quizzes Today


Score Distribution

Your Account Isn't Verified!

In order to create a playlist on Sporcle, you need to verify the email address you used during registration. Go to your Sporcle Settings to finish the process.

Report this User

Report this user for behavior that violates our Community Guidelines.

Details: